[Event "Titled Tuesday intern op 31st Oct Late"]
[Site "Chess.com INT"]
[Date "2023.10.31"]
[Round "3"]
[White "Shubenkova, Veronika"]
[Black "Uddin, Mubassar"]
[Result "1-0"]
[WhiteElo "2007"]
[BlackElo "2016"]
[PlyCount "79"]
[EventDate "2023.10.31"]
[EventType "swiss (blitz)"]
[EventRounds "11"]
[EventCountry "USA"]
[SourceTitle "EXT 2025"]
[Source "ChessBase"]
[SourceDate "2024.10.14"]
[SourceVersion "1"]
[SourceVersionDate "2024.10.14"]
[SourceQuality "1"]

1. e4 c6 2. d4 d5 3. Nc3 dxe4 4. Nxe4 Nf6 5. Nxf6+ exf6 6. c3 Bd6 7. Bd3 0-0 8. Qc2 Re8+ 9. Ne2 h5 10. Bd2 c5 11. 0-0-0 cxd4 12. Nxd4 Nc6 13. Nb5 Bc5 14. Be3 Qb6 15. Bxc5 Qxc5 16. Nc7 Be6 17. Nxa8 Qa5 18. a3 Rxa8 19. Rhe1 Rc8 20. Be4 Ne5 21. f4 Nc4 22. f5 Nxa3 23. bxa3 Rxc3 24. fxe6 Qxa3+ 25. Kd2 Rxc2+ 26. Bxc2 Qb4+ 27. Ke2 Qg4+ 28. Kf1 fxe6 29. Bb3 Qf5+ 30. Kg1 Qc5+ 31. Kh1 b5 32. Rxe6 Kh7 33. Re2 a5 34. Bc2+ Kh6 35. Rd8 g6 36. h4 Qb4 37. g3 a4 38. Rg8 f5 39. Re6 Qg4 40. Kh2 1-0

[Event "Titled Tuesday intern op 10th Oct Late"]
[Site "Chess.com INT"]
[Date "2023.10.10"]
[Round "3"]
[White "Uddin, Mubassar"]
[Black "Figorito, Nick"]
[Result "0-1"]
[WhiteElo "2016"]
[BlackElo "2036"]
[PlyCount "82"]
[EventDate "2023.10.10"]
[EventType "swiss (blitz)"]
[EventRounds "11"]
[EventCountry "USA"]
[SourceTitle "EXT 2025"]
[Source "ChessBase"]
[SourceDate "2024.10.14"]
[SourceVersion "1"]
[SourceVersionDate "2024.10.14"]
[SourceQuality "1"]

1. d4 Nf6 2. c4 g6 3. Nc3 d5 4. cxd5 Nxd5 5. e4 Nxc3 6. bxc3 Bg7 7. Bc4 c5 8. Ne2 Nc6 9. Be3 0-0 10. 0-0 Qc7 11. Rc1 Rd8 12. Bf4 Qd7 13. d5 Na5 14. Bd3 b5 15. c4 bxc4 16. Bxc4 Nxc4 17. Rxc4 Qb5 18. Qb3 Ba6 19. Qxb5 Bxb5 20. Rc2 Bd3 21. Rd2 Bxe4 22. d6 exd6 23. Bxd6 Rd7 24. Rfd1 Rad8 25. Bf4 Rxd2 26. Rxd2 Rxd2 27. Bxd2 Bd5 28. Nc3 Bxc3 29. Bxc3 Bxa2 30. Kf1 f5 31. Ke1 Kf7 32. Kd2 Ke6 33. Ke3 Kd5 34. Kd3 Bb1+ 35. Ke3 Kc4 36. Ba5 Kb5 37. Bc3 a5 38. Ba1 Kc4 39. Kd2 Kb3 40. Kc1 Be4 41. Kd2 Bxg2 0-1

[Event "Titled Tuesday intern op 16th May Late"]
[Site "Chess.com INT"]
[Date "2023.05.16"]
[Round "1"]
[White "Adla, Diego Gustavo"]
[Black "Uddin, Mubassar"]
[Result "1-0"]
[WhiteElo "2383"]
[BlackElo "2084"]
[PlyCount "63"]
[EventDate "2023.05.16"]
[EventType "swiss (blitz)"]
[EventRounds "11"]
[EventCountry "USA"]
[SourceTitle "CBM 214 Extra"]
[Source "ChessBase"]
[SourceDate "2023.07.31"]
[SourceVersion "1"]
[SourceVersionDate "2023.07.31"]
[SourceQuality "1"]

1. c4 e6 2. g3 d5 3. Bg2 c5 4. Nf3 Nc6 5. 0-0 Nf6 6. d4 Be7 7. cxd5 exd5 8. dxc5 Bxc5 9. Qc2 Be7 10. Rd1 0-0 11. Nc3 h6 12. e4 Be6 13. exd5 Nxd5 14. Nxd5 Bxd5 15. Rxd5 Qxd5 16. Ng5 Qxg2+ 17. Kxg2 hxg5 18. Be3 Rac8 19. Rd1 Bf6 20. Qb3 b6 21. Qb5 Ne5 22. b3 Rfd8 23. Rxd8+ Rxd8 24. Bxg5 a6 25. Qe2 Bxg5 26. Qxe5 Bf6 27. Qc7 Rd2 28. Qxb6 Bd4 29. Qxa6 Rxf2+ 30. Kh3 Rf6 31. Qa8+ Kh7 32. Qe4+ 1-0

[Event "Titled Tuesday intern op 25th Apr Late"]
[Site "Chess.com INT"]
[Date "2023.04.25"]
[Round "4"]
[White "Uddin, Mubassar"]
[Black "Figorito, Nick"]
[Result "1-0"]
[WhiteElo "2084"]
[BlackElo "2036"]
[PlyCount "149"]
[EventDate "2023.04.25"]
[EventType "swiss (blitz)"]
[EventRounds "11"]
[EventCountry "USA"]
[SourceTitle "EXT 2024"]
[Source "ChessBase"]
[SourceDate "2023.10.10"]
[SourceVersion "1"]
[SourceVersionDate "2023.10.10"]
[SourceQuality "1"]

1. d4 Nf6 2. c4 g6 3. Nc3 d5 4. cxd5 Nxd5 5. e4 Nxc3 6. bxc3 Bg7 7. Bc4 c5 8. Ne2 0-0 9. Be3 Nc6 10. 0-0 Qc7 11. Rc1 Rd8 12. Bf4 Qd7 13. d5 Na5 14. Bd3 b5 15. c4 Nxc4 16. Bxc4 bxc4 17. Rxc4 Qb5 18. Rc1 Ba6 19. Ng3 Qa5 20. Re1 Bc3 21. Re3 Bd2 22. Rxc5 Qxc5 23. Qxd2 Rac8 24. h4 Qc1+ 25. Qxc1 Rxc1+ 26. Kh2 Bc4 27. Ra3 Rc2 28. Rxa7 Rxa2 29. Rxe7 Rxf2 30. Bg5 Bxd5 31. exd5 Rxd5 32. Ne4 Rff5 33. Nf6+ Kg7 34. Nxd5 Rxd5 35. Kg3 h6 36. Be3 Rd3 37. Kf3 Kf6 38. Ra7 Rd5 39. Ra6+ Kg7 40. Ke4 Rd8 41. Bd4+ Kh7 42. Rf6 Kg8 43. Be5 Rd2 44. Kf3 Rd3+ 45. Kf4 Rd2 46. g4 Rd8 47. Rd6 Re8 48. Bf6 Kh7 49. Rd8 Rxd8 50. Bxd8 Kg7 51. Be7 f6 52. Bd6 Kf7 53. Ke4 Ke6 54. Bf8 h5 55. gxh5 gxh5 56. Bh6 f5+ 57. Kf4 Kf6 58. Bg5+ Kg6 59. Bd8 Kf7 60. Kxf5 Kg7 61. Bg5 Kh8 62. Kg6 Kg8 63. Kxh5 Kh8 64. Kg6 Kg8 65. Bf6 Kf8 66. h5 Kg8 67. h6 Kf8 68. h7 Ke8 69. h8Q+ Kd7 70. Qg7+ Ke6 71. Qe7+ Kd5 72. Qe5+ Kc4 73. Kf5 Kb3 74. Qd4 Ka2 75. Qb2# 1-0

[Event "Titled Tuesday intern op 28th Jun Late"]
[Site "Chess.com INT"]
[Date "2022.06.28"]
[Round "5"]
[White "Gallegos, Carlos"]
[Black "Uddin, Mubassar"]
[Result "1-0"]
[WhiteElo "2374"]
[BlackElo "2165"]
[PlyCount "91"]
[EventDate "2022.06.28"]
[EventType "swiss (blitz)"]
[EventRounds "11"]
[EventCountry "USA"]
[SourceTitle "CBM 209 Extra"]
[Source "ChessBase"]
[SourceDate "2022.09.30"]
[SourceVersion "1"]
[SourceVersionDate "2022.09.30"]
[SourceQuality "1"]

1. e4 c6 2. d3 d5 3. Nf3 Qc7 4. Be2 e5 5. 0-0 Nf6 6. Nbd2 Bg4 7. exd5 cxd5 8. Nxe5 Be6 9. d4 Bd6 10. Bb5+ Nc6 11. f4 0-0 12. Bxc6 bxc6 13. Kh1 Rab8 14. Ndf3 c5 15. c3 Rfc8 16. dxc5 Bxc5 17. Nd4 Ne4 18. Qe2 Bd7 19. Nxd7 Qxd7 20. Be3 Qe7 21. Rab1 Re8 22. Qf3 Rb6 23. Nf5 Qe6 24. Bxc5 Nxc5 25. Nd4 Qd6 26. b3 Ne4 27. Rbe1 Qc5 28. Re3 Rb7 29. Rfe1 Rbe7 30. h3 g6 31. Kh2 f5 32. g3 Kf7 33. Ne2 Qa5 34. Ng1 Qxa2+ 35. R1e2 Qxb3 36. Qg2 a5 37. Nf3 a4 38. Nd4 Kg7 39. Nxb3 axb3 40. Rb2 Rb8 41. Qe2 Reb7 42. g4 Nc5 43. Re7+ Kf8 44. Rxb7 Rxb7 45. Qe3 Ne4 46. Qd4 1-0

[Event "Titled Tuesday intern op 28th Jun Late"]
[Site "Chess.com INT"]
[Date "2022.06.28"]
[Round "4"]
[White "Uddin, Mubassar"]
[Black "Vovk, Orest"]
[Result "0-1"]
[WhiteElo "2165"]
[BlackElo "2315"]
[PlyCount "120"]
[EventDate "2022.06.28"]
[EventType "swiss (blitz)"]
[EventRounds "11"]
[EventCountry "USA"]
[SourceTitle "CBM 209 Extra"]
[Source "ChessBase"]
[SourceDate "2022.09.30"]
[SourceVersion "1"]
[SourceVersionDate "2022.09.30"]
[SourceQuality "1"]

1. d4 e5 2. dxe5 Nc6 3. Nf3 Qe7 4. g3 Nxe5 5. Bg2 Nf6 6. 0-0 c6 7. b3 d5 8. Bb2 Nxf3+ 9. exf3 Qd6 10. Re1+ Be7 11. f4 0-0 12. Nd2 Bg4 13. Qc1 Rfe8 14. Be5 Qd7 15. c4 Bb4 16. Bxf6 Rxe1+ 17. Qxe1 dxc4 18. Bxg7 Bxd2 19. Qe5 c3 20. Be4 f5 21. Bf6 fxe4 22. Qg5+ Kf8 23. Qh6+ Ke8 24. h3 Bxh3 25. Qg5 Qe6 26. Be5 Bf5 27. Qh5+ Bg6 28. Qe2 Rd8 29. Rd1 Rd3 30. Bxc3 Rxc3 31. Rxd2 e3 32. fxe3 Qxe3+ 33. Qxe3+ Rxe3 34. Kf2 Re7 35. g4 Bf7 36. Kg3 Rd7 37. Re2+ Kf8 38. f5 h6 39. Kf4 Kg7 40. g5 hxg5+ 41. Kxg5 Rd6 42. Re7 b5 43. Rxa7 c5 44. Rc7 c4 45. bxc4 bxc4 46. a4 Ra6 47. a5 Rxa5 48. Rc6 Ra1 49. f6+ Kh7 50. Rc7 Ra5+ 51. Kg4 Kg6 52. Kf4 Kxf6 53. Ke4 Be6 54. Kd4 Rd5+ 55. Kc3 Rd3+ 56. Kc2 Rh3 57. Rc6 Ke5 58. Rc8 Bd5 59. Re8+ Kd4 60. Rh8 Rxh8 0-1

[Event "Titled Tuesday intern op 08th Mar Late"]
[Site "Chess.com INT"]
[Date "2022.03.08"]
[Round "1"]
[White "Uddin, Mubassar"]
[Black "Goltsev, Dmitry"]
[Result "0-1"]
[WhiteElo "2087"]
[BlackElo "2199"]
[PlyCount "46"]
[EventDate "2022.03.08"]
[EventType "swiss (blitz)"]
[EventRounds "11"]
[EventCountry "USA"]
[SourceTitle "CBM 207 Extra"]
[Source "ChessBase"]
[SourceDate "2022.05.31"]
[SourceVersion "1"]
[SourceVersionDate "2022.05.31"]
[SourceQuality "1"]

1. d4 Nf6 2. c4 e6 3. Nc3 Bb4 4. e3 Qe7 5. Nf3 b6 6. Bd3 Bb7 7. Qc2 0-0 8. 0-0 Bxc3 9. bxc3 Bxf3 10. gxf3 d6 11. e4 Nbd7 12. Bg5 e5 13. Rae1 h6 14. Bh4 g5 15. Bg3 Nh5 16. a4 Rfe8 17. a5 Nf8 18. Qa4 Ng6 19. Qc6 Nhf4 20. Bb1 Qe6 21. Kh1 Nh4 22. Bxh4 Qh3 23. Rg1 Qxf3+ 0-1

[Event "Titled Tuesday intern op 22nd Dec"]
[Site "Chess.com INT"]
[Date "2020.12.22"]
[Round "6"]
[White "Katzir, Moshe"]
[Black "Uddin, Mubassar"]
[Result "0-1"]
[WhiteElo "2159"]
[BlackElo "2087"]
[PlyCount "60"]
[EventDate "2020.12.22"]
[EventType "swiss (blitz)"]
[EventRounds "11"]
[EventCountry "USA"]
[SourceTitle "CBM 199 Extra"]
[Source "ChessBase"]
[SourceDate "2021.01.31"]
[SourceVersion "1"]
[SourceVersionDate "2021.01.31"]
[SourceQuality "1"]

1. e4 c6 2. d4 d5 3. e5 Bf5 4. Ne2 e6 5. Ng3 Bg6 6. Bd3 Bxd3 7. Qxd3 c5 8. c3 Nc6 9. 0-0 cxd4 10. cxd4 Nge7 11. Nc3 Ng6 12. f4 Qb6 13. Be3 Be7 14. f5 Nh4 15. f6 gxf6 16. exf6 Bd6 17. Nh5 0-0-0 18. a3 Rhg8 19. Rf2 Rg6 20. b4 Kb8 21. Kh1 Rdg8 22. Rg1 Rg4 23. Na4 Qd8 24. g3 Nf5 25. Bf4 Bxf4 26. Nxf4 h5 27. Nc5 h4 28. Qb5 Qc8 29. Nxd5 exd5 30. Na6+ Ka8 0-1

[Event "Chess.com Bullet op1"]
[Site "Chess.com INT"]
[Date "2020.12.19"]
[Round "15"]
[White "Cramling Bellon, Anna"]
[Black "Uddin, Mubassar"]
[Result "0-1"]
[WhiteElo "2035"]
[BlackElo "2087"]
[PlyCount "138"]
[EventDate "2020.12.19"]
[EventType "swiss (blitz)"]
[EventRounds "21"]
[EventCountry "USA"]
[SourceTitle "EXT 2022"]
[Source "ChessBase"]
[SourceDate "2021.10.06"]
[SourceVersion "1"]
[SourceVersionDate "2021.10.06"]
[SourceQuality "1"]

1. d4 d5 2. c4 e6 3. Nc3 c5 4. e3 cxd4 5. exd4 Nf6 6. Nf3 Be7 7. Bg5 0-0 8. Be2 dxc4 9. Bxc4 Nc6 10. 0-0 b6 11. Bd3 Bb7 12. Rc1 Rc8 13. Ne4 Nb4 14. Nxf6+ Bxf6 15. Bxf6 Qxf6 16. Rxc8 Rxc8 17. a3 Nd5 18. Be4 Qf4 19. Bxd5 Bxd5 20. Ne5 Qg5 21. f3 f6 22. Ng4 h5 23. Nf2 Qg6 24. Ne4 Bxe4 25. fxe4 Qxe4 26. Re1 Qc2 27. Qxc2 Rxc2 28. Rxe6 Kf7 29. Rd6 Rxb2 30. Rd7+ Ke6 31. Rxa7 Rd2 32. Rxg7 Rxd4 33. Rh7 h4 34. Kf2 Kf5 35. Rb7 Ra4 36. Rxb6 Rxa3 37. Rb5+ Kg6 38. g3 h3 39. Rb4 Ra2+ 40. Kg1 Kg5 41. Rh4 Ra1+ 42. Kf2 Ra2+ 43. Kg1 Rg2+ 44. Kh1 Ra2 45. Rxh3 Ra1+ 46. Kg2 Kg4 47. Rh4+ Kg5 48. Kf3 Ra2 49. Rf4 Ra3+ 50. Ke4 Ra4+ 51. Kf3 Ra2 52. h4+ Kg6 53. Kg4 Ra3 54. h5+ Kg7 55. Kf5 Ra5+ 56. Ke6 Ra6+ 57. Ke7 Ra7+ 58. Kd8 Ra8+ 59. Kc7 Ra7+ 60. Kb6 Rf7 61. Re4 Kh6 62. Re6 Kg5 63. h6 Rh7 64. g4 Rxh6 65. Kc6 Rg6 66. Kd5 Kxg4 67. Re4+ Kf5 68. Re3 Kg4 69. Rf3 f5 0-1

[Event "Chess.com Bullet op2"]
[Site "Chess.com INT"]
[Date "2020.12.19"]
[Round "4"]
[White "Elgersma, Onno"]
[Black "Uddin, Mubassar"]
[Result "1-0"]
[WhiteElo "2298"]
[BlackElo "2087"]
[PlyCount "57"]
[EventDate "2020.12.19"]
[EventType "swiss (blitz)"]
[EventRounds "21"]
[EventCountry "USA"]
[SourceTitle "EXT 2022"]
[Source "ChessBase"]
[SourceDate "2021.10.06"]
[SourceVersion "1"]
[SourceVersionDate "2021.10.06"]
[SourceQuality "1"]

1. e4 c6 2. Nc3 d5 3. Nf3 dxe4 4. Nxe4 Nf6 5. Qe2 Nxe4 6. Qxe4 Nd7 7. Bc4 Nf6 8. Ne5 e6 9. Qe2 Bd6 10. 0-0 0-0 11. d4 Qc7 12. Rd1 b5 13. Bd3 Bb7 14. Bg5 Be7 15. Qf3 h6 16. Bh4 Rad8 17. c3 c5 18. Qg3 cxd4 19. cxd4 Nd5 20. Rac1 Qb6 21. Bxe7 Nxe7 22. Qh4 Nf5 23. Bxf5 exf5 24. Qf4 Qe6 25. Rc7 Qd5 26. f3 g6 27. Qxh6 Ba8 28. Nxg6 Qe6 29. Qh8# 1-0

[Event "Chess.com Bullet op2"]
[Site "Chess.com INT"]
[Date "2020.12.19"]
[Round "3"]
[White "Lewtak, Damian"]
[Black "Uddin, Mubassar"]
[Result "1-0"]
[WhiteElo "2411"]
[BlackElo "2087"]
[PlyCount "69"]
[EventDate "2020.12.19"]
[EventType "swiss (blitz)"]
[EventRounds "21"]
[EventCountry "USA"]
[SourceTitle "EXT 2022"]
[Source "ChessBase"]
[SourceDate "2021.10.06"]
[SourceVersion "1"]
[SourceVersionDate "2021.10.06"]
[SourceQuality "1"]

1. d4 d5 2. Nf3 Nf6 3. Bf4 Bf5 4. e3 e6 5. c4 Bxb1 6. Rxb1 Bb4+ 7. Ke2 0-0 8. a3 Bd6 9. Bxd6 Qxd6 10. c5 Qd8 11. Ne5 Ne4 12. f3 Nf6 13. g4 Nbd7 14. Nd3 b6 15. b4 a5 16. c6 Nb8 17. b5 a4 18. h4 Ra5 19. h5 Ne8 20. Ne5 h6 21. f4 Nd6 22. g5 Ne4 23. Qc2 Ng3+ 24. Kf3 Nxh1 25. Bd3 hxg5 26. Rxh1 g4+ 27. Kg3 Qf6 28. Bh7+ Kh8 29. Ng6+ fxg6 30. hxg6 Rxb5 31. Bg8+ Kxg8 32. Rh8+ Kxh8 33. Qh2+ Qh4+ 34. Qxh4+ Kg8 35. Qh7# 1-0

[Event "Chess.com Bullet op1"]
[Site "Chess.com INT"]
[Date "2020.12.19"]
[Round "1"]
[White "Uddin, Mubassar"]
[Black "Mekhitarian, Krikor Sevag"]
[Result "0-1"]
[WhiteElo "2087"]
[BlackElo "2554"]
[PlyCount "60"]
[EventDate "2020.12.19"]
[EventType "swiss (blitz)"]
[EventRounds "21"]
[EventCountry "USA"]
[SourceTitle "EXT 2022"]
[Source "ChessBase"]
[SourceDate "2021.10.06"]
[SourceVersion "1"]
[SourceVersionDate "2021.10.06"]
[SourceQuality "1"]

1. d4 c5 2. d5 Nf6 3. c4 g6 4. Nc3 d6 5. e3 Bg7 6. Bd3 0-0 7. e4 e6 8. f3 exd5 9. cxd5 Re8 10. Nge2 Nbd7 11. 0-0 a6 12. a4 Rb8 13. Ng3 Qc7 14. Bg5 c4 15. Bc2 b5 16. axb5 axb5 17. Re1 h6 18. Be3 Ne5 19. Qd2 b4 20. Nce2 c3 21. bxc3 Nc4 22. Qc1 Nxe3 23. Qxe3 Nxd5 24. Qd2 Nxc3 25. Rac1 Nxe2+ 26. Nxe2 b3 27. Bd3 Qb6+ 28. Kh1 b2 29. Rb1 Be6 30. Nc3 Qb4 0-1

[Event "Chess.com Bullet op2"]
[Site "Chess.com INT"]
[Date "2020.12.19"]
[Round "6"]
[White "Uddin, Mubassar"]
[Black "Shahade, Gregory P"]
[Result "0-1"]
[WhiteElo "2087"]
[BlackElo "2476"]
[PlyCount "40"]
[EventDate "2020.12.19"]
[EventType "swiss (blitz)"]
[EventRounds "21"]
[EventCountry "USA"]
[SourceTitle "EXT 2022"]
[Source "ChessBase"]
[SourceDate "2021.10.06"]
[SourceVersion "1"]
[SourceVersionDate "2021.10.06"]
[SourceQuality "1"]

1. d4 Nf6 2. c4 g6 3. Nc3 d5 4. e4 dxe4 5. f3 e3 6. Bxe3 Bg7 7. Bd3 0-0 8. Nge2 Nc6 9. 0-0 e5 10. d5 Ne7 11. Qd2 Bf5 12. Ne4 Nd7 13. Bh6 c6 14. Bxg7 Kxg7 15. Nd6 Bxd3 16. Qxd3 cxd5 17. cxd5 Qb6+ 18. Kh1 Qxd6 19. Nc3 Nc5 20. Rab1 Nxd3 0-1

[Event "Chess.com Bullet op1"]
[Site "Chess.com INT"]
[Date "2020.12.19"]
[Round "7"]
[White "Uddin, Mubassar"]
[Black "Spyropoulos, Nikolaos"]
[Result "1-0"]
[WhiteElo "2087"]
[BlackElo "2425"]
[PlyCount "79"]
[EventDate "2020.12.19"]
[EventType "swiss (blitz)"]
[EventRounds "21"]
[EventCountry "USA"]
[SourceTitle "EXT 2022"]
[Source "ChessBase"]
[SourceDate "2021.10.06"]
[SourceVersion "1"]
[SourceVersionDate "2021.10.06"]
[SourceQuality "1"]

1. d4 Nf6 2. c4 e6 3. Nc3 Bb4 4. e3 0-0 5. Nge2 c6 6. a3 Ba5 7. b4 Bc7 8. Ng3 d5 9. c5 b5 10. Be2 e5 11. 0-0 a5 12. Bb2 Nbd7 13. f4 exf4 14. exf4 Re8 15. Bd3 Nf8 16. Nf5 Ng6 17. g3 Be6 18. Qd2 Qd7 19. Ne3 Bh3 20. Rfe1 Re7 21. f5 Nf8 22. Ng2 Bxf5 23. Nf4 Rxe1+ 24. Rxe1 Bxf4 25. Bxf5 Qxf5 26. Qxf4 Qxf4 27. gxf4 Ne6 28. f5 Nxd4 29. Re7 axb4 30. axb4 Nxf5 31. Rc7 d4 32. Ne2 d3 33. Nf4 d2 34. Rd7 Ne3 35. Rxd2 Ne4 36. Re2 g5 37. Ng2 Ra2 38. Ne1 Rxb2 39. Rxb2 Ng4 40. Re2 1-0

[Event "Chess.com Bullet op2"]
[Site "Chess.com INT"]
[Date "2020.12.19"]
[Round "5"]
[White "Uddin, Mubassar"]
[Black "Vidovic, Sasa"]
[Result "1-0"]
[WhiteElo "2087"]
[BlackElo "2210"]
[PlyCount "91"]
[EventDate "2020.12.19"]
[EventType "swiss (blitz)"]
[EventRounds "21"]
[EventCountry "USA"]
[SourceTitle "EXT 2022"]
[Source "ChessBase"]
[SourceDate "2021.10.06"]
[SourceVersion "1"]
[SourceVersionDate "2021.10.06"]
[SourceQuality "1"]

1. d4 d6 2. c4 Nf6 3. Nc3 Bf5 4. f3 e5 5. d5 e4 6. Bg5 exf3 7. exf3 Be7 8. Bd3 Bg6 9. Nge2 Nxd5 10. Bxe7 Nxe7 11. 0-0 0-0 12. Re1 Nbc6 13. Ne4 Ne5 14. b3 Nxd3 15. Qxd3 Nc6 16. Qc3 Bxe4 17. fxe4 Qe7 18. Ng3 g6 19. Rad1 b6 20. Rf1 Qe5 21. Qe3 Qc5 22. Qxc5 bxc5 23. Rf6 a5 24. Rdf1 a4 25. R1f3 Ne5 26. Rf1 axb3 27. axb3 Rfb8 28. Ne2 Rxb3 29. Nf4 Rab8 30. Nd5 Rb1 31. h3 Rxf1+ 32. Rxf1 Rb7 33. Nf6+ Kg7 34. Nd5 Nxc4 35. Nf6 Ne5 36. Ne8+ Kf8 37. Nf6 Kg7 38. Ne8+ Kh6 39. Nf6 c4 40. g4 c3 41. Rf2 Rb2 42. Kg2 c2 43. g5+ Kxg5 44. Nxh7+ Kh6 45. Nf6 c1Q 46. Ng8+ 1-0

[Event "USA-ch Online Swiss 2400+"]
[Site "Chess.com INT"]
[Date "2020.11.29"]
[Round "3"]
[White "Morefield, Jason P"]
[Black "Uddin, Mubassar"]
[Result "0-1"]
[WhiteElo "2227"]
[BlackElo "2087"]
[PlyCount "124"]
[EventDate "2020.11.29"]
[EventType "swiss (blitz)"]
[EventRounds "12"]
[EventCountry "USA"]
[SourceTitle "CBM 199 Extra"]
[Source "ChessBase"]
[SourceDate "2021.01.31"]
[SourceVersion "1"]
[SourceVersionDate "2021.01.31"]
[SourceQuality "1"]

1. d4 d5 2. c4 e6 3. Nc3 c5 4. cxd5 cxd4 5. Qxd4 Nc6 6. Qd1 exd5 7. Qxd5 Be6 8. Qxd8+ Rxd8 9. Bd2 Nf6 10. e3 Bb4 11. Nf3 0-0 12. a3 Ba5 13. Be2 Rfe8 14. 0-0 Bc7 15. Nb5 Bb8 16. Bc3 Ne4 17. Rac1 Bg4 18. Rfd1 a6 19. Nbd4 Ne5 20. Nxe5 Nxc3 21. bxc3 Bxe2 22. Nxe2 Bxe5 23. Nd4 Kf8 24. a4 Rc8 25. c4 g6 26. Nb3 Bb8 27. Rd7 Re7 28. Rxe7 Kxe7 29. Kf1 f5 30. Ke2 Kf6 31. g3 Bd6 32. Kd3 Ke5 33. Nd4 Bc5 34. Rb1 b6 35. Nb3 Bb4 36. Nd4 a5 37. f4+ Kf6 38. Ke2 Rxc4 39. Nf3 Bc5 40. Ne5 Re4 41. Nd7+ Ke6 42. Nxc5+ bxc5 43. Rb5 Rxa4 44. Rxc5 Ra2+ 45. Kf3 a4 46. h4 a3 47. Ra5 Ra1 48. Ra6+ Kd7 49. Ra7+ Kc6 50. Kg2 a2 51. Ra3 Kc5 52. Ra8 Kc4 53. Rc8+ Kd3 54. Rd8+ Kxe3 55. Re8+ Kd4 56. Ra8 Kd5 57. Ra7 h6 58. Ra6 Kc5 59. Ra8 Kb6 60. Rb8+ Ka7 61. Rb2 Rg1+ 62. Kxg1 a1Q+ 0-1

[Event "USA-ch Online Swiss 2400+"]
[Site "Chess.com INT"]
[Date "2020.11.29"]
[Round "5"]
[White "Uddin, Mubassar"]
[Black "Proleiko, Julian"]
[Result "1-0"]
[WhiteElo "2087"]
[BlackElo "2148"]
[PlyCount "83"]
[EventDate "2020.11.29"]
[EventType "swiss (blitz)"]
[EventRounds "12"]
[EventCountry "USA"]
[SourceTitle "CBM 199 Extra"]
[Source "ChessBase"]
[SourceDate "2021.01.31"]
[SourceVersion "1"]
[SourceVersionDate "2021.01.31"]
[SourceQuality "1"]

1. d4 Nf6 2. c4 c5 3. d5 e6 4. Nc3 exd5 5. cxd5 d6 6. e4 g6 7. Nf3 Bg7 8. h3 0-0 9. Be2 Re8 10. Qc2 Nbd7 11. Bg5 h6 12. Be3 b5 13. Bxb5 Nxe4 14. Nxe4 Qa5+ 15. Nfd2 Qxb5 16. Nxd6 Rxe3+ 17. fxe3 Qa6 18. N2c4 Nb6 19. 0-0 Nxc4 20. Nxc4 Bd7 21. a4 Rb8 22. Ra3 Rb4 23. b3 Qb7 24. Rd1 Qb8 25. e4 Qg3 26. Qd3 Bd4+ 27. Kh1 Qh4 28. Ra2 g5 29. Rf1 g4 30. Nd2 Be5 31. Nc4 Bd4 32. Nd6 gxh3 33. g3 Qe7 34. Nxf7 Be8 35. Nxh6+ Kh8 36. Nf5 Qe5 37. Qf3 Bg6 38. Re2 c4 39. bxc4 Rxc4 40. Qg4 Bh7 41. Nxd4 Qe7 42. Nf5 1-0

[Event "Titled Tuesday intern op 24th Nov"]
[Site "Chess.com INT"]
[Date "2020.11.24"]
[Round "8"]
[White "Josse, Mark"]
[Black "Uddin, Mubassar"]
[Result "1/2-1/2"]
[WhiteElo "2235"]
[BlackElo "2087"]
[PlyCount "146"]
[EventDate "2020.11.24"]
[EventType "swiss (blitz)"]
[EventRounds "11"]
[EventCountry "USA"]
[SourceTitle "CBM 199 Extra"]
[Source "ChessBase"]
[SourceDate "2021.01.31"]
[SourceVersion "1"]
[SourceVersionDate "2021.01.31"]
[SourceQuality "1"]

1. d4 d5 2. Bf4 Nf6 3. e3 Bf5 4. c4 e6 5. Nc3 Bd6 6. Bg3 0-0 7. Nf3 c5 8. dxc5 Bxc5 9. Nh4 Bg4 10. Qc2 d4 11. exd4 Qxd4 12. Nb5 Bb4+ 13. Nc3 Ne4 14. Bd3 Nxc3 15. 0-0 Na4 16. Bxh7+ Kh8 17. Qxa4 Nc6 18. a3 Be7 19. Qc2 Rac8 20. b3 Bh5 21. Be4 f5 22. Nf3 Qxe4 23. Qxe4 fxe4 24. Ne5 Nxe5 25. Bxe5 Bf6 26. Bd6 Bxa1 27. Bxf8 Rxf8 28. Rxa1 Rd8 29. Rc1 Rd3 30. b4 Rd1+ 31. Rxd1 Bxd1 32. Kf1 Kg8 33. Ke1 Bb3 34. c5 Kf7 35. Kd2 Kf6 36. Ke3 Bc2 37. Kd4 e5+ 38. Kd5 Bb3+ 39. Kd6 Ba4 40. h4 Bc6 41. Kc7 a6 42. a4 e3 43. fxe3 Bxg2 44. b5 axb5 45. axb5 Kf5 46. c6 bxc6 47. bxc6 Kg4 48. Kd6 Bxc6 49. Kxc6 Kf3 50. Kd6 e4 51. Ke6 Kxe3 52. Kf7 Kf2 53. Kxg7 e3 54. h5 e2 55. h6 e1Q 56. h7 Qe7+ 57. Kg8 Qe6+ 58. Kg7 Qe5+ 59. Kg8 Qg3+ 60. Kf8 Qf4+ 61. Kg8 Qg5+ 62. Kf8 Qh6+ 63. Kg8 Qg6+ 64. Kh8 Qe6 65. Kg7 Qe7+ 66. Kg8 Qe8+ 67. Kg7 Qd7+ 68. Kg8 Qg4+ 69. Kh8 Qh5 70. Kg7 Qg5+ 71. Kh8 Qe5+ 72. Kg8 Qe8+ 73. Kg7 Qe7+ 1/2-1/2

[Event "Titled Tuesday intern op 24th Nov"]
[Site "Chess.com INT"]
[Date "2020.11.24"]
[Round "5"]
[White "Ramadoss, Ashokkumar"]
[Black "Uddin, Mubassar"]
[Result "1-0"]
[WhiteElo "2110"]
[BlackElo "2087"]
[PlyCount "37"]
[EventDate "2020.11.24"]
[EventType "swiss (blitz)"]
[EventRounds "11"]
[EventCountry "USA"]
[SourceTitle "CBM 199 Extra"]
[Source "ChessBase"]
[SourceDate "2021.01.31"]
[SourceVersion "1"]
[SourceVersionDate "2021.01.31"]
[SourceQuality "1"]

1. Nf3 d5 2. c4 e6 3. Qc2 c5 4. cxd5 exd5 5. d4 Nf6 6. Bg5 Be7 7. e3 0-0 8. Nc3 c4 9. Ne5 Nc6 10. Nxc6 bxc6 11. Be2 Rb8 12. 0-0 Qb6 13. Na4 Qb4 14. Bxf6 Bxf6 15. b3 cxb3 16. axb3 Qxb3 17. Qxb3 Rxb3 18. Nc5 Bf5 19. Nxb3 1-0

[Event "Titled Tuesday intern op 24th Nov"]
[Site "Chess.com INT"]
[Date "2020.11.24"]
[Round "3"]
[White "Uddin, Mubassar"]
[Black "Mogirzan, Matei Valeriu"]
[Result "0-1"]
[WhiteElo "2087"]
[BlackElo "1813"]
[PlyCount "60"]
[EventDate "2020.11.24"]
[EventType "swiss (blitz)"]
[EventRounds "11"]
[EventCountry "USA"]
[SourceTitle "CBM 199 Extra"]
[Source "ChessBase"]
[SourceDate "2021.01.31"]
[SourceVersion "1"]
[SourceVersionDate "2021.01.31"]
[SourceQuality "1"]

1. d4 e6 2. c4 d6 3. Nc3 b6 4. e4 g6 5. f3 Bg7 6. Nge2 Ne7 7. Ng3 Bb7 8. Be2 Nd7 9. 0-0 h6 10. Be3 0-0 11. Qd2 Kh7 12. b4 a6 13. Rab1 e5 14. d5 f5 15. exf5 gxf5 16. Bd3 a5 17. a3 axb4 18. axb4 Ra3 19. Nb5 Ra8 20. Nh5 Bh8 21. Bxh6 Rg8 22. Be3 Qe8 23. Ng3 e4 24. fxe4 Be5 25. Nxf5 Nxf5 26. exf5 Nf6 27. Nxc7 Qh5 28. Be2 Qxh2+ 29. Kf2 Qg3+ 30. Kg1 Qxg2# 0-1